Les 10 pays possédant les plus grandes réserves de charbon - Statistiques

Statistiques générales
  • Ce quiz a été pris 96 fois
  • Le résultat moyen est 8 sur 10
Statistiques - réponses
Réserves (en milliards de tonnes) Pays % Correct
141.6 Chine
99%
249.5 États-Unis
97%
162.2 Russie
97%
105.9 Inde
88%
35.9 Allemagne
81%
149.1 Australie
74%
25.6 Kazakhstan
68%
34.4 Ukraine
66%
26.9 Pologne
64%
39.9 Indonésie
51%
Aucun quiz correspondant
Distribution des résultats
% des personnes avec chaque résultat
Percentile par nombre de réponses
Votre historique - résultats
Vous n’avez pas pris ce quiz